000 00649nam a2200229Ia 4500
003 OSt
005 20220928130942.0
006 a|||||r|||| 00| 0
007 ta
008 220927b |||||||| |||| 00| 0 eng d
024 _a31549
037 _cTextual
040 _aSDCL
_cSDCL
_beng
041 _2eng
_aeng
082 _aV6'M, M5
100 _aSagan Eli
_9476688
245 0 _aAt the dawn of tyranny
_b The origins of individualism, political opp ression, and the state
260 _aLondon
_bFaber and Faber
_c1985
300 _axxiii,420p
_ccm.
942 _hV6'M, M5
_cTEXL
_2CC
999 _c789167
_d789167